<?xml version="1.0" encoding="UTF-8"?>
<record
    xmlns:xsi="http://www.w3.org/2001/XMLSchema-instance"
    xsi:schemaLocation="http://www.loc.gov/MARC21/slim http://www.loc.gov/standards/marcxml/schema/MARC21slim.xsd"
    xmlns="http://www.loc.gov/MARC21/slim">

  <leader>00925nam a22002537a 4500</leader>
  <controlfield tag="001">3029</controlfield>
  <controlfield tag="003">FISKH</controlfield>
  <controlfield tag="005">20240131133341.0</controlfield>
  <controlfield tag="008">240131b        cb ||||| |||| 00| 0 eng d</controlfield>
  <datafield tag="020" ind1=" " ind2=" ">
    <subfield code="a">9780516263304</subfield>
  </datafield>
  <datafield tag="040" ind1=" " ind2=" ">
    <subfield code="a">FISKH</subfield>
    <subfield code="b">eng</subfield>
    <subfield code="c">FISKH</subfield>
    <subfield code="d">FISKH</subfield>
  </datafield>
  <datafield tag="100" ind1=" " ind2=" ">
    <subfield code="a">Simon, Hershey</subfield>
  </datafield>
  <datafield tag="245" ind1=" " ind2=" ">
    <subfield code="a">Milton Hershey :</subfield>
    <subfield code="b">Chocolate King Town Builder /</subfield>
    <subfield code="c">by Simon, Charnan</subfield>
  </datafield>
  <datafield tag="260" ind1=" " ind2=" ">
    <subfield code="a">New York :</subfield>
    <subfield code="b">Children's Press , </subfield>
    <subfield code="c">1998</subfield>
  </datafield>
  <datafield tag="300" ind1=" " ind2=" ">
    <subfield code="a">42 pages : </subfield>
    <subfield code="b">color illustrations , </subfield>
    <subfield code="c">25 cm . </subfield>
  </datafield>
  <datafield tag="490" ind1=" " ind2=" ">
    <subfield code="a"> Community Builders</subfield>
  </datafield>
  <datafield tag="505" ind1=" " ind2=" ">
    <subfield code="a">R 
</subfield>
  </datafield>
  <datafield tag="520" ind1=" " ind2=" ">
    <subfield code="a">Relates the story of the founder of the Hershey Chocolate Company in Hershey, Pennsylvania, known for his hard work, perseverance, and charity on behalf of young people.</subfield>
  </datafield>
  <datafield tag="521" ind1="8" ind2=" ">
    <subfield code="a">760 

</subfield>
    <subfield code="b">Lexile 
</subfield>
  </datafield>
  <datafield tag="521" ind1="8" ind2=" ">
    <subfield code="a">R 
</subfield>
    <subfield code="b">Raz-Plus 
</subfield>
  </datafield>
  <datafield tag="600" ind1=" " ind2=" ">
    <subfield code="2">Hershey, Milton Snavely </subfield>
    <subfield code="v">Juvenile Literature </subfield>
  </datafield>
  <datafield tag="610" ind1=" " ind2=" ">
    <subfield code="2">Businessmen </subfield>
    <subfield code="v">Juvenile Literature </subfield>
  </datafield>
  <datafield tag="942" ind1=" " ind2=" ">
    <subfield code="2">ddc</subfield>
    <subfield code="c">BK</subfield>
    <subfield code="n">0</subfield>
  </datafield>
  <datafield tag="999" ind1=" " ind2=" ">
    <subfield code="c">3029</subfield>
    <subfield code="d">3029</subfield>
  </datafield>
  <datafield tag="952" ind1=" " ind2=" ">
    <subfield code="0">0</subfield>
    <subfield code="1">0</subfield>
    <subfield code="2">ddc</subfield>
    <subfield code="4">0</subfield>
    <subfield code="7">0</subfield>
    <subfield code="8">NFIC</subfield>
    <subfield code="a">001</subfield>
    <subfield code="b">001</subfield>
    <subfield code="c">TTP</subfield>
    <subfield code="d">2024-01-31</subfield>
    <subfield code="l">0</subfield>
    <subfield code="o">SIM 338.7 HD9200.U52</subfield>
    <subfield code="p">FISTK03894</subfield>
    <subfield code="r">2024-01-31 13:33:36</subfield>
    <subfield code="w">2024-01-31</subfield>
    <subfield code="y">BK</subfield>
  </datafield>
</record>
